| 000 | 00426nam a22001697a 4500 | ||
|---|---|---|---|
| 003 | CEME | ||
| 005 | 20210628202702.0 | ||
| 008 | 210420b xxu||||| |||| 00| 0 eng d | ||
| 020 | _a0-283-99584-X | ||
| 040 | _c. | ||
| 082 | _a923 AND'L | ||
| 100 |
_aAndreotti, Giulio _946139 |
||
| 245 | _aLives ,encounters with history makers | ||
| 260 |
_aRAWALPINDI _bARMY EDUCATION PRESS _c1988 |
||
| 300 | _a250P | ||
| 942 |
_cBK _2ddc |
||
| 999 |
_c570638 _d570638 |
||